Eine kleine Nachtmusik (Serenade) (Запис номер 349905)
[ съкратено ]
| 000 -Лидер | |
|---|---|
| Контролно поле с фиксирана дължина | 00977ncm a2200277 a 4500 |
| 003 - Код на организацията, давaща контролен номер | |
| Контролно поле | BLK |
| 005 - Дата и час на последна редакция | |
| Контролно поле | 20241005005437.0 |
| 008 - Елементи от данни с фиксирана дължина | |
| fixed length control field | 050808s1958 000 0 ger d |
| 040 ## - Източник на каталожния запис | |
| Transcribing agency | BLK |
| 041 0# - Код за език | |
| Код за езика на текст/звукозапис или на отделно заглавие | Немски |
| Код за езика КДБФ | Немски |
| 080 ## - УДК | |
| Текстов определител УДК | Цигулка, виолина, виола д'аморе |
| УДК код - определител по УДК | 787.1 |
| УДК - код + определител | 787.1 |
| 100 ## - Редна дума - Автор | |
| Автор | Mozart, Wolfgang Amadeus |
| Дати, свързани с автора | 1756 - 1791 |
| R(LIN) | 386874 |
| 139 ## - Редно поле | |
| Редна дума | Mozart, Wolfgang Amadeus |
| Авторски знак | Мот - М 93 |
| 245 15 - Сведения за заглавието | |
| Заглавие | Eine kleine Nachtmusik (Serenade) |
| Физически носител (вид на носителя) | Noten |
| Подзаглавни данни | KV 525 : Fur Violine und Klavier |
| Редно поле (дума) | W. A. Mozart ; bearb. von Carl Herrmann |
| 260 ## - Област на издателските данни | |
| 9 (RLIN) | 211254 |
| Място на издаване, разпространение и проч. | Leipzig |
| Име на издателя, разпространителя и проч. | Peters 4325 |
| Година на издаване | 1958 |
| 300 ## - Физическа характеристика | |
| Страници | 16 с. |
| Съпровождащи материали | щим 7 с. |
| Размери/Мащаб | 28 см |
| 380 ## - Жанр | |
| Жанр | Изкуство |
| 490 ## - СЕРИИ (Колекции) | |
| 9 (RLIN) | 402706 |
| Име на серия | Edition Peters |
| №: серия | 4325 |
| 650 #0 - Допълнително описание по предмет – тема | |
| 9 (RLIN) | 353434 |
| Основно описание – тема или топоним | Цигулка - пиеси, сюити, рапсодии |
| 700 ## - Други автори (авторска отговорност) | |
| Лично име | Herrmann, Carl |
| 9 (RLIN) | 1311 |
| Автороска отговорност (Описва отношението между автора и произведението) | ред. |
| 852 ## - Местоположение | |
| Форматна сигнатура | Цб М ІІ 1639 |
| Фондова буква | Хранилище |
| 999 ## - СИСТЕМНИ КОНТРОЛНИ НОМЕРА | |
| Koha biblionumber | 349905 |
| Koha biblioitemnumber | 349905 |
| 942 ## - АРТИКУЛИ | |
| Вид на библиотечния материал | Нотни издания |
| Скрит в OPAC | Не |
| Периодичен библиозапис | Да |
| Koha issues (borrowed), all copies | 1 |
| 944 ## - СЪЗДАВАНЕ И РЕДАКЦИЯ на ЗАПИСА | |
| Създаване/Редакция | Създаване |
| Дата на регистрацията/редакция | 2020-05-04 |
| Служител, извършил регистрацията/редакцията | |
| Статус, дата на статуса | CRON CRON |
| 999 ## - СИСТЕМНИ КОНТРОЛНИ НОМЕРА | |
| Koha biblioitemnumber | 349905 |
| 999 ## - СИСТЕМНИ КОНТРОЛНИ НОМЕРА | |
| Koha biblioitemnumber | 349905 |
| Код за отписване | Код за изгубен артикул | Източник на класификационната схема | Код за повреда | Коз за рестрикции | Код за отдаване | Артикулен № | Име на библиотеката - собственик | Име на библиотеката, в която се намира в момента | Статус (Текущо местоположение) | Дата на вписване в системата | Местоположение - отдел | Цена в лева | Инвентарен номер | Систематично азбучна сигнатура | Баркод | Цена в евро | Служебен тип на артикула |
|---|---|---|---|---|---|---|---|---|---|---|---|---|---|---|---|---|---|
| Не е изгубен | Universal Decimal Classification | Не е повреден | без рестрикции | заемане за дома | 757301 | Регионална библиотека "Любен Каравелов" Русе | Регионална библиотека "Любен Каравелов" Русе | Отдел Изкуство - подръчен фонд | 2020-04-01 | Отдел Изкуство - подръчен фонд | 0.35 | 14035/61 | 787.1/М 93 В | 900000002559 | 0.18 | Нотни издания | |
| Не е изгубен | Universal Decimal Classification | Не е повреден | само за читалня | ползва се в читалня | 767463 | Регионална библиотека "Любен Каравелов" Русе | Регионална библиотека "Любен Каравелов" Русе | Хранилище | 2020-05-07 | Основен фонд - ползва се само за читалня | 0.50 | 123622 | Цб М ІІ 1639 | 900000010212 | 0.26 | Нотни издания | |
| Не е изгубен | Universal Decimal Classification | Не е повреден | само за читалня | ползва се в читалня | 767464 | Регионална библиотека "Любен Каравелов" Русе | Регионална библиотека "Любен Каравелов" Русе | Хранилище | 2020-05-07 | Основен фонд - ползва се само за читалня | 0.35 | 3457/64 | Цб М ІІ 1639 | 900000007788 | 0.18 | Нотни издания |